God's river. (Record no. 5711)

000 -LEADER
fixed length control field 00671nam a2200181 a 4500
001 - CONTROL NUMBER
control field :::00003453$&:&@@
003 - CONTROL NUMBER IDENTIFIER
control field OkBaRHE
005 - DATE AND TIME OF LATEST TRANSACTION
control field 20000607103305.0
008 - FIXED-LENGTH DATA ELEMENTS--GENERAL INFORMATION
fixed length control field s1959 j 000 0 eng u
040 ## - CATALOGING SOURCE
Transcribing agency
100 1# - MAIN ENTRY--PERSONAL NAME
Personal name Barnhouse, Donald Grey, 1895-1960.
245 10 - TITLE STATEMENT
Title God's river.
Statement of responsibility, etc Expositions of Bible doctrines taking the epistle to the Romans as a point of departure.
260 ## - PUBLICATION, DISTRIBUTION, ETC. (IMPRINT)
Place of publication, distribution, etc Grand Rapids, MI., :
Name of publisher, distributor, etc Wm. B. Eerdmans Publishing Company
Date of publication, distribution, etc c1959
300 ## - PHYSICAL DESCRIPTION
Extent 224 p. ;
Dimensions 22 cm.
650 ## - SUBJECT ADDED ENTRY--TOPICAL TERM
Topical term or geographic name as entry element Bible New Testament Romans 5
General subdivision Sermons
942 ## - ADDED ENTRY ELEMENTS (KOHA)
Source of classification or shelving scheme
Koha item type Books
Copies
Date last seen Withdrawn status Shelving location Date acquired Full call number Price effective from Copy number Source of classification or shelving scheme Koha item type Barcode Lost status Damaged status Current Location Permanent Location Not for loan
2018-03-15 General Stacks2010-04-14BS 2665.1 .B322010-04-141 Books3453  RHEMA Bible Training CollegeRHEMA Bible Training College